|
|
|
|
| LEADER |
01101nab#a2200397#ar4500 |
| 001 |
000108821 |
| 003 |
SVKKK |
| 005 |
20121003112320.0 |
| 008 |
120921c2006 xo |||||||||||||||b|slo |
| FMT |
|
|
|
| 015 |
|
|
|a SNBRB2012/09
|
| 038 |
|
|
|a SVKKK
|
| 040 |
|
|
|a SVKKK
|b slo
|e AACR2
|
| 041 |
0 |
|
|a slo
|b eng
|b slo
|
| 044 |
|
|
|a xo
|c SK
|
| 080 |
|
|
|a 658.58
|2 1997
|
| 090 |
|
|
|a V.216493
|
| 100 |
1 |
|
|a Grenčík, Juraj
|4 aut
|
| 245 |
1 |
0 |
|a Zdieľanie znalostí na prospech údržby
|c Juraj Grenčík
|
| 246 |
3 |
1 |
|a Sharing knowledge for benefits of maintenance
|
| 300 |
|
|
|b Obr., tab.
|
| 504 |
|
|
|a Bibliogr. odkazy
|
| 546 |
|
|
|a Res. angl., slov.
|
| 650 |
0 |
4 |
|a údržba
|
| 650 |
0 |
4 |
|a znalosti
|
| 650 |
0 |
4 |
|a vzdelávanie
|
| 650 |
0 |
4 |
|a certifikácia
|
| 773 |
0 |
|
|t Národné fórum údržby 2006: zborník prednášok z medzinárodnej odbornej konferencie
|d Žilina : Žilinská univerzita, 2006
|g S. 1-7
|z 9788080705410
|
| 958 |
|
|
|a NB
|
| 974 |
|
|
|a Va
|
| 992 |
|
|
|a RZB
|
| BAS |
|
|
|
| 856 |
4 |
1 |
|a http://www.udrzba.sk/sk/konf/konferencia06d.htm
|
| 852 |
|
|
|a SVKKK
|b BIB
|
| EXP |
|
|
|
| 998 |
|
|
|a SLO
|